000 00621nam a2200229Ia 4500
003 OSt
005 20220928123945.0
006 a|||||r|||| 00| 0
007 ta
008 220927b |||||||| |||| 00| 0 eng d
024 _a68206
037 _cTextual
040 _aSDCL
_cSDCL
_beng
041 _2eng
_aeng
082 _aB13,1, P5
100 _aWells David
_9370995
245 0 _aPrime numbers
_b The most mysterious figures in math.
260 _aNew Jersey
_bJohn Wiley
_c2005
300 _axv,272p,Bibp253-264
_ccm.
942 _hB13,1, P5
_cTEXL
_2CC
999 _c775573
_d775573